000 00800nam a22002417a 4500
999 _c14706
_d14706
003 AR-CdUCM
008 190424b ||||| |||| 00| 0 spa d
020 _a978-607-618-051-8
040 _aMUNICIPALIDAD PROVINCIAL DEL CUSCO
_cBIBLIOTECA MUNICIPAL DEL CUSCO
041 _heng
082 _aPI / 803.08 /
_bD82
110 _aDisney Enterprises, Inc.
_931708
245 _aDisney Princesa La Sirenita :
_bLa bruja del mar /
260 _aMéxico :
_bSilver Dolphin,
_c2013.
300 _bilustraciones,
_c19 cm.
440 _aMi pequeña biblioteca.
_932773
650 _a Cuento infantil
_933571
650 _aPrimera infancia
_924660
650 _aLiteratura infantil
_9588
700 _aCaballero del Moral, Samantha (traducción)
_932774
942 _2ddc
_cLIBROS
945 _aachl
_d2019-04-24